| 000 | 00993nam a22002417a 4500 | ||
|---|---|---|---|
| 001 | 45388 | ||
| 003 | BD-RjUL | ||
| 005 | 20211209054014.0 | ||
| 008 | 160725s1965 bg ||||| |||| 00| 0 ben d | ||
| 020 | _c: TK 3.00 | ||
| 035 | _a(BD-RjUL)45506 | ||
| 040 |
_aBD-RjUL _bben _cBD-RjUL |
||
| 041 | _aben | ||
| 082 |
_223 _a954.924 _bHOD 1965 |
||
| 100 |
_aহোসেন, সৈয়দ মোশাররফ _9138962 |
||
| 245 | 1 | 0 |
_aদিনাজপুরের ইতিহাস : _bপ্রাগৈতিহাসিক ও ঐতিহাসিক যুগ ০০০-৯৪৫ হিজরী / _cহোসেন, সৈয়দ মোশাররফ |
| 260 |
_aদিনাহপুর : _bনওরোজ সাহিত্য / _c১৯৬৫ |
||
| 300 |
_a খণ্ড ; _c২১ সেমি. |
||
| 505 | 0 | _aখণ্ড ১ -- | |
| 650 |
_aইতিহাস _zবাংলাদেশ _9138963 |
||
| 650 |
_aHistory _zBangladesh _9138964 |
||
| 942 |
_2ddc _cBK |
||
| 999 |
_c45388 _d45388 |
||